000 01080nab a22002417a 4500
999 _c6586
_d6586
003 OSt
005 20260303092646.0
008 190506c xxu||||| |||| 00| 0 spa d
040 _cPJ
100 _95708
_aGarcía, Nadia
245 1 0 _aRegímenes previsionales diferenciales. Intimación a jubilarse y necesidad de armonización /
_cNadia García.
260 _aBuenos Aires :
_bAbeledoPerrot,
_c2025.
300 _ap. 3-8
500 _aCita: TR LALEY AR/DOC/667/2025.
505 _aSumario: I. Antecedentes.— II. Los efectos de la ley 24.241 en el cálculo del haber.— III. La intimación a jubilarse en regímenes diferenciales.— IV. Conclusiones.
505 _t¿Te interesa el texto completo? Comunicate al correo: koha@justierradelfuego.gov.ar
650 0 _91316
_aDERECHO LABORAL
650 0 _92154
_aJUBILACIONES
650 0 _91395
_aSEGURIDAD SOCIAL
650 0 _94442
_aAPORTES Y CONTRIBUCIONES PREVISIONALES
773 0 _02751
_93202
_dBuenos Aires : AbeledoPerrot, 2013-
_tRevista de derecho laboral y seguridad social. Nº 9 - Mayo 2025
942 _2udc
_cANA